000 00769nam a22002412 4500
001 0000005263
005 20151217151959.0
008 070611s xx 000 0 eng d
020 _a3527298495 :
_cGBP 135.00
040 _aKABU
_cKABU
050 0 _aTP200
_b.B83 2000
100 1 _aBuchel, Karl Heinz.
_@0000156460
245 1 0 _aIndustrial inorganic chemistry /
_cKarl Heinz Buchel, Hans-Heinrich Moretto, Peter Woditsch.
250 _a2nd rev. ed.
260 _aNew York :
_bWiley-Veh,
_c2000.
300 _axxv, 642 p.
650 0 _aChemistry, Technical.
_@0000156454
700 1 _aMoretto, Hans-Heinrich.
_@0000156461
700 1 _aWoditsch, Peter.
_@0000156462
908 _a070611
950 _@1
999 _c6956
_d6956